MARC

LEADER 00000cam a2200000 7i4500
001 0000002714
005 20031119.0
090 0 0 |a FAO634.909599   |b PHI 1997 
100 1 0 |a PHILIPPINES   |c Department of Environment and Natural Resources 
245 1 0 |a Country report :   |b the Philippines   |c by Forest Management Bureau, Department of Environment and Natural Resources 
260 0 0 |a Rome :   |b Food and Agriculture Organization of the United Nations ,   |c 1997 
300 |a 25 p. :   |b map ;   |c 30 cm. 
440 0 0 |a Asia-Pacific forestry sector outlook study working paper series no. APFSOS/WP/33 
650 0 0 |a Forests and forestry   |z Philippines 
710 1 1 |a Food and Agriculture Organization of the United Nations (FAO) 
998 |a JPSM 
999 |a 0000004782   |b Monograph   |c Food and Agriculture Organization   |e Default branch 
999 |a 0000004783   |b Monograph   |c Food and Agriculture Organization   |e Default branch